| 000 | 00941nam a2200289 i 4500 | ||
|---|---|---|---|
| 001 | bg | ||
| 100 | 1 | _aKOC, Stanisław | |
| 245 | 1 | 0 |
_aBilans 2003 / _cStanisław Koc, Teresa Fołta, Jadwiga Godlewska. |
| 250 | _aWyd. 2 rozsz. i uaktual. | ||
| 260 |
_aWarszawa : _b"Infor", _ccop. 2003. |
||
| 300 |
_a495, [1] s. : _btab. ; _c24 cm + + _eCD-ROM. |
||
| 490 | 1 |
_aBiblioteka Profesjonalistów ; _v5 |
|
| 500 | _aNa grzbiecie akronim serii: BP. Wyd. 1 pt.: Bilans 2002 i inne wzory sprawozdania finansowego. | ||
| 504 | _aIndeks. | ||
| 650 | 9 |
_aFinanse _xsprawozdawczość _xprawo _zPolska _ystan na 2003 r. |
|
| 655 | _aPodręczniki | ||
| 700 | 1 | _aFOŁTA, Teresa | |
| 700 | 1 | _aGODLEWSKA, Jadwiga | |
| 830 | _aBiblioteka Profesjonalistów ; | ||
| 020 | _a8389385376 | ||
| 040 | _cBPK | ||
| 041 | 0 | _apol | |
| 080 | _a346.52:347.728.1](438) | ||
| 920 | _a83-89385-37-6 | ||
| 942 | _cKS | ||
| 008 | s pl f |000 0 pol | ||
| 999 |
_c44058 _d44058 |
||
| 856 |
_uhttp://koha.tu.koszalin.pl/cgi-bin/koha/opac-detail.pl?biblionumber=44058 _yKatalog online BPK |
||